[Event "Helsingor Xtracon op"]
[Site "Helsingor"]
[Date "2017.07.29"]
[Round "9"]
[White "Schrodt, Sebastian"]
[Black "Rasmussen, Henrik"]
[Result "0-1"]
[WhiteElo "2007"]
[BlackElo "1822"]
[PlyCount "146"]
[EventDate "2017.07.22"]
[EventType "swiss"]
[EventRounds "10"]
[EventCountry "DEN"]
[SourceTitle "CBM 179 Extra"]
[Source "ChessBase"]
[SourceDate "2017.08.23"]
[SourceVersion "1"]
[SourceVersionDate "2017.08.23"]
[SourceQuality "1"]

1. Nf3 d5 2. c4 c6 3. g3 Nf6 4. Bg2 g6 5. b3 Bg7 6. Bb2 0-0 7. d3 Nbd7 8. Nbd2 Re8 9. Rc1 e5 10. e4 Nc5 11. Nxe5 Rxe5 12. Bxe5 Nxd3+ 13. Kf1 Nxe5 14. cxd5 cxd5 15. Nc4 Bg4 16. f3 dxc4 17. Qxd8+ Rxd8 18. fxg4 Nfxg4 19. Ke2 cxb3 20. axb3 Nc6 21. Kf3 Nge5+ 22. Ke2 Nd4+ 23. Kf1 Nxb3 24. Rc7 Rd1+ 25. Ke2 Rd2+ 26. Kf1 Nd3 27. Rxb7 Nd4 28. h4 Rf2+ 29. Kg1 Ne2+ 30. Kh2 Be5 31. Kh3 h5 32. Rd1 Bxg3 33. Rxd3 Be5 34. Rd1 Nf4+ 35. Kg3 Rxg2+ 36. Kf3 Ra2 37. Rd8+ Kg7 38. Rdd7 Ra3+ 39. Kf2 Nd3+ 40. Ke2 Nc5 41. Rxf7+ Kg8 42. Rxa7 Rxa7 43. Rxa7 Nxe4 44. Kf3 Nd6 45. Re7 Nf7 46. Ra7 Kg7 47. Rb7 Kf6 48. Ra7 Nd6 49. Ra6 Kg7 50. Ra7+ Kh6 51. Re7 Bc3 52. Re3 Bg7 53. Re7 Nf5 54. Rf7 Nxh4+ 55. Kg3 Kg5 56. Kf2 Nf5 57. Kf3 h4 58. Rb7 Kh5 59. Kf4 Bh6+ 60. Kf3 g5 61. Rb4 Bg7 62. Rb7 Nd4+ 63. Ke4 Kg6 64. Rb6+ Bf6 65. Rb8 h3 66. Rb1 Kh5 67. Ke3 g4 68. Kf4 Ne2+ 69. Kf5 Bc3 70. Ke4 Ng3+ 71. Kf4 Be5+ 72. Kxe5 h2 73. Rb8 Kh4 0-1

[Event "Helsingor Xtracon op"]
[Site "Helsingor"]
[Date "2017.07.26"]
[Round "6"]
[White "Rasmussen, Henrik"]
[Black "Sundin, Sven Ingvar"]
[Result "1-0"]
[WhiteElo "1822"]
[BlackElo "1607"]
[PlyCount "51"]
[EventDate "2017.07.22"]
[EventType "swiss"]
[EventRounds "10"]
[EventCountry "DEN"]
[SourceTitle "CBM 179 Extra"]
[Source "ChessBase"]
[SourceDate "2017.08.23"]
[SourceVersion "1"]
[SourceVersionDate "2017.08.23"]
[SourceQuality "1"]

1. Nf3 Nf6 2. g3 d5 3. d4 e6 4. c4 Nbd7 5. cxd5 Nxd5 6. e4 N5b6 7. Nc3 Be7 8. Bf4 0-0 9. Bg2 Nf6 10. 0-0 c5 11. Qc2 cxd4 12. Rfd1 Bd7 13. Nxd4 Rc8 14. Ndb5 a6 15. Nd6 Rc7 16. Qb3 Rc6 17. Nxb7 Qa8 18. Na5 Bc5 19. Nxc6 Bxc6 20. Bd6 Bxd6 21. Rxd6 Rb8 22. Rad1 Nbd5 23. Qc4 Nxc3 24. bxc3 Bxe4 25. Bxe4 Nxe4 26. Qxe4 1-0

[Event "Helsingor Xtracon op"]
[Site "Helsingor"]
[Date "2017.07.24"]
[Round "4"]
[White "Rasmussen, Henrik"]
[Black "Stage, Mathias Juul"]
[Result "1-0"]
[WhiteElo "1822"]
[BlackElo "1544"]
[PlyCount "47"]
[EventDate "2017.07.22"]
[EventType "swiss"]
[EventRounds "10"]
[EventCountry "DEN"]
[SourceTitle "CBM 179 Extra"]
[Source "ChessBase"]
[SourceDate "2017.08.23"]
[SourceVersion "1"]
[SourceVersionDate "2017.08.23"]
[SourceQuality "1"]

1. e4 g6 2. f4 Bg7 3. Nc3 d6 4. Bc4 Nf6 5. e5 dxe5 6. fxe5 Bg4 7. Nf3 Nfd7 8. Bxf7+ Kxf7 9. Ng5+ Kg8 10. Qxg4 Nxe5 11. Qe6+ Kf8 12. 0-0+ Bf6 13. Qxe5 Ke8 14. Rxf6 Nd7 15. Qe6 Nxf6 16. Qf7+ Kd7 17. d3 Qe8 18. Qe6+ Kd8 19. Nf7+ Qxf7 20. Qxf7 Kd7 21. Nd5 Rae8 22. Nxf6+ Kc8 23. Nxe8 Rxe8 24. Qxe8# 1-0

[Event "Helsingor Xtracon op"]
[Site "Helsingor"]
[Date "2016.07.30"]
[Round "9"]
[White "Rasmussen, Henrik"]
[Black "Lindsjorn, Yngve"]
[Result "1-0"]
[WhiteElo "1833"]
[BlackElo "1582"]
[PlyCount "91"]
[EventDate "2016.07.23"]
[EventType "swiss"]
[EventRounds "10"]
[EventCountry "DEN"]
[SourceTitle "CBM 173 Extra"]
[Source "ChessBase"]
[SourceDate "2016.08.29"]
[SourceVersion "1"]
[SourceVersionDate "2016.08.29"]
[SourceQuality "1"]

1. f4 d5 2. Nf3 Bf5 3. b3 Nf6 4. Bb2 e6 5. e3 Be7 6. Be2 h6 7. Ne5 Nbd7 8. 0-0 c6 9. c4 Qc7 10. d4 Nxe5 11. fxe5 Ne4 12. Nd2 Nxd2 13. Qxd2 0-0-0 14. cxd5 Rxd5 15. Qc3 Bg6 16. Bc4 Rdd8 17. Rac1 Kb8 18. b4 Qb6 19. Ba3 Rc8 20. Rf2 Qd8 21. Bb2 Rf8 22. a4 Be4 23. Re2 g5 24. Ba3 h5 25. Rf2 h4 26. Rcf1 Qe8 27. Qb2 b5 28. Bb3 a6 29. Qd2 Rc7 30. Bb2 Kb7 31. Bd1 Bg6 32. Bf3 Qd8 33. e4 f5 34. exf6 Bxf6 35. d5 e5 36. axb5 cxb5 37. Rc1 Rc4 38. Rxc4 bxc4 39. Bc3 Qb6 40. Qb2 Be8 41. Be2 Bb5 42. Kf1 Qd6 43. Ke1 Rg8 44. Bg4 Re8 45. Bd2 Bd7 46. Bxd7 1-0

[Event "Helsingor Xtracon op"]
[Site "Helsingor"]
[Date "2016.07.28"]
[Round "7"]
[White "Rasmussen, Henrik"]
[Black "Nilssen, Steinar"]
[Result "1/2-1/2"]
[WhiteElo "1833"]
[BlackElo "1575"]
[PlyCount "68"]
[EventDate "2016.07.23"]
[EventType "swiss"]
[EventRounds "10"]
[EventCountry "DEN"]
[SourceTitle "CBM 173 Extra"]
[Source "ChessBase"]
[SourceDate "2016.08.29"]
[SourceVersion "1"]
[SourceVersionDate "2016.08.29"]
[SourceQuality "1"]

1. Nf3 Nf6 2. d4 g6 3. c4 d5 4. cxd5 Nxd5 5. e4 Nb6 6. Nc3 Bg7 7. Be3 0-0 8. Be2 Bg4 9. h3 Bxf3 10. Bxf3 Nc6 11. d5 Ne5 12. Be2 Nec4 13. Bxb6 Nxb6 14. 0-0 a6 15. Qc2 Qd6 16. Rac1 Rac8 17. Bg4 Rcd8 18. Ne2 h5 19. Bf3 Rc8 20. Qb3 Bh6 21. Rc2 Rb8 22. Nc1 Rfc8 23. Nd3 Nd7 24. Be2 c6 25. f4 cxd5 26. Rxc8+ Rxc8 27. Qxb7 Rc2 28. Bd1 Rd2 29. e5 Qb6+ 30. Qxb6 Nxb6 31. Nb4 a5 32. Nc6 Nc4 33. Bb3 e6 34. Bxc4 dxc4 1/2-1/2